Library Banner

غل دستہ (Record no. 80758)

MARC details
000 -LEADER
fixed length control field 00392nam a22001457a 4500
005 - DATE AND TIME OF LATEST TRANSACTION
control field 20151209095433.0
008 - FIXED-LENGTH DATA ELEMENTS--GENERAL INFORMATION
fixed length control field 151209b xxu||||| |||| 00| 0 eng d
040 ## - CATALOGING SOURCE
Transcribing agency PK-LaUMT
082 ## - DEWEY DECIMAL CLASSIFICATION NUMBER
Classification number MSC 324.2092
Item number YOU-G
100 ## - MAIN ENTRY--PERSONAL NAME
Personal name یونس بٹ، محمد
245 ## - TITLE STATEMENT
Title غل دستہ
Statement of responsibility, etc محمد یونس بٹ
260 ## - PUBLICATION, DISTRIBUTION, ETC. (IMPRINT)
Place of publication, distribution, etc لاہور
Name of publisher, distributor, etc پاکستان بکس
Date of publication, distribution, etc 1993
300 ## - PHYSICAL DESCRIPTION
Extent 169 ص
942 ## - ADDED ENTRY ELEMENTS (KOHA)
Koha item type Books
Holdings
Withdrawn status Lost status Damaged status Home library Current library Date acquired Full call number Barcode Date last seen Price effective from Koha item type
      UMT Main Campus UMT Main Campus 2015-12-09 MSC 324.2092 YOU-G 95056 2015-12-09 2015-12-09 Books